Diccionario de la lengua española 10 : tamboril - zuzón - apéndice
Salvato in:
| Ente Autore: | |
|---|---|
| Natura: | Libro |
| Lingua: | Undetermined |
| Pubblicazione: |
Colombia
Real Academia Española
2001
|
| Edizione: | 22 |
| Soggetti: | |
| Tags: |
Aggiungi Tag
Nessun Tag, puoi essere il primo ad aggiungerne!!
|
MARC
| LEADER | 00000nam a2200000Ia 4500 | ||
|---|---|---|---|
| 008 | 170316s9999 xx 000 0 und d | ||
| 020 | |a 958-42-0445-9 | ||
| 040 | |a cru BVZT | ||
| 090 | |a R-413 R-1d T.10 ESP | ||
| 110 | |a Real Academia Española | ||
| 245 | |a Diccionario de la lengua española 10 : tamboril - zuzón - apéndice | ||
| 250 | |a 22 | ||
| 260 | |a Colombia | ||
| 260 | |b Real Academia Española | ||
| 260 | |c 2001 | ||
| 300 | |a 1447 a 1614 páginas | ||
| 650 | 0 | |a REFERENCIA |9 27 | |
| 650 | 0 | |a DICCIONARIO |9 28 | |
| 650 | 0 | |a ESPAÑOL |9 48 | |
| 942 | |c REF |2 z | ||
| 999 | |c 15074 |d 15074 | ||



